| 000 | 00450nam a2200157Ia 4500 | ||
|---|---|---|---|
| 008 | 220216s9999 xx 000 0 und d | ||
| 100 | _aFernando T H P S | ||
| 245 | 0 | _aTermite attacks on rubber plantations: Methods for prevention | |
| 260 |
_bBulletin of the Rubber Research Institute of Sri Lanka _c2011 |
||
| 300 | _a23-25 | ||
| 650 | _aAgriculture | ||
| 650 | _aTermite | ||
| 700 | _a6aJayasinghe C K | ||
| 700 | _aWijeratna C | ||
| 942 | _cJS | ||
| 999 |
_c70389 _d70389 |
||